000 00641nam a2200217Ia 4500
003 OSt
005 20240927140753.0
008 220927b |||||||| |||| 00| 0 eng d
020 _a1846840953
040 _aSDCL
_cSDCL
_beng
041 _2eng
_aeng
082 _aR P7
100 _aCarel, Havi and Gamez, David Ed.
_9444825
245 0 _aWhat philosophy is:
_bContemporary philosophy in action/
260 _aLondon:
_bContinuum,
_c2007.
300 _axviii,325p
650 _aPhilosophy
700 _a Gamez David
_9470519
942 _hR P7
_cTEXL
_2CC
999 _c783235
_d783235